Hỏi - Đáp về thế giới quan, phương pháp luận Triết học của chủ nghĩa Mác - Lênin Dùng cho sinh viên các trường đại học, học viện, cao đẳng
Gồm 55 câu hỏi tự luận, 100 câu hỏi trắc nghiệm bám sát nội dung cơ bản của Triết học Mác - Lênin
Đã lưu trong:
| Tác giả chính: | |
|---|---|
| Định dạng: | Sách |
| Năm xuất bản: |
H.
Chính trị Quốc gia - Sự thật
2016
|
| Chủ đề: | |
| Tags: |
Thêm thẻ
Không có thẻ, Hãy là người đầu tiên gắn thẻ bản ghi này!
|
| LEADER | 01246nam a2200169 4500 | ||
|---|---|---|---|
| 999 | |c 15401 |d 15401 | ||
| 082 | |a 335.411 |b NG527V | ||
| 100 | |a Nguyễn Văn Sanh | ||
| 245 | |a Hỏi - Đáp về thế giới quan, phương pháp luận Triết học của chủ nghĩa Mác - Lênin |b Dùng cho sinh viên các trường đại học, học viện, cao đẳng |c Nguyễn Văn Sanh, Dương Quốc Quân | ||
| 260 | |a H. |b Chính trị Quốc gia - Sự thật |c 2016 | ||
| 300 | |a 240tr |c 21cm | ||
| 520 | |a Gồm 55 câu hỏi tự luận, 100 câu hỏi trắc nghiệm bám sát nội dung cơ bản của Triết học Mác - Lênin | ||
| 653 | |a Chủ nghĩa Mác - Lênin |a Triết học Mác - Lênin |a Thế giới quan |a Phương pháp luận |a Sách hỏi đáp | ||
| 942 | |2 ddc |c STK0 | ||
| 952 | |0 0 |1 0 |2 ddc |4 0 |6 335_411000000000000_NG527V |7 0 |8 300 |9 116649 |a qbu |b qbu |c D2 |d 2019-01-07 |g 65000 |o 335.411 NG527V |p 12761.C1 |r 2019-01-07 |w 2019-01-07 |y STK0 | ||
| 952 | |0 0 |1 0 |2 ddc |4 0 |6 335_411000000000000_NG527V |7 0 |8 300 |9 116650 |a qbu |b qbu |c D2 |d 2019-01-07 |g 65000 |o 335.411 NG527V |p 12761.C2 |r 2019-01-07 |w 2019-01-07 |y STK0 | ||
| 952 | |0 0 |1 0 |2 ddc |4 0 |6 335_411000000000000_NG527V |7 0 |8 300 |9 116651 |a qbu |b qbu |c D2 |d 2019-01-07 |g 65000 |o 335.411 NG527V |p 12761.C3 |r 2019-01-07 |w 2019-01-07 |y STK0 | ||